Govt. of
Madhya Pradesh

Sanskrit Studies (Record no. 69035)

MARC details
000 -LEADER
fixed length control field 00239nam a22001097a 4500
082 ## - DEWEY DECIMAL CLASSIFICATION NUMBER
Classification number 491/SHA
100 ## - MAIN ENTRY--AUTHOR NAME
Personal name Shastri, Satya Vrat
245 ## - TITLE STATEMENT
Title Sanskrit Studies
260 ## - PUBLICATION, DISTRIBUTION, ETC. (IMPRINT)
Place of publication Delhi
Name of publisher Yash Publication
Year of publication 2018
650 ## - SUBJECT ADDED ENTRY--TOPICAL TERM
Topical Term Language
942 ## - ADDED ENTRY ELEMENTS (KOHA)
Koha item type Books
Holdings
Withdrawn status Lost status Damaged status Not for loan Home library Current library Date acquired Cost, normal purchase price Full call number Accession Number Price effective from Koha item type
        MACL MACL 10/04/2026 495.00 491/SHA CRE040478 10/04/2026 Books